00000000nam 2200000za 4500
0019.627809
003CaOODSP
00520210615105404
007ta
008150406|2008||||xxc|||||     f|0| 0 fre d
020 |a978-0-662-08814-1
022 |a0701-7944
040 |aCaOODSP|bfre
043 |an-cn---
0861 |aCW69-1/115F
1102 |aService canadien de la faune.
24513|aLa productivité des Petites Oies des neiges sur l'île Banks (Territoires du Nord-Ouest), Canada, de 1995 à 1998 /
260 |aOttawa - Ontario : |bEnvironnement Canada. |cJuin 2008.
300 |a36p. : |bgraphiques, cartes, références, tableaux ; |c28 cm.
4901 |aPublication hors série - Service canadien de la faune|x0701-7944|vN° 115
5203 |aLes objectifs étaient de : recueillir de l’information sur le nombre d’oies nicheuses, sur le succès de la nidification et sur l’indice de survie des oisons ; évaluer l’incidence du climat et de la prédation sur la productivité des oies ; déterminer l’incidence du broutage des oies sur les communautés végétales.
530 |aAussi disponible en format électronique.
563 |aCouverture souple
590 |a09-19|b2009-05-08
69107|aOiseau migrateur|2gcpds
7201 |aHines Jr., James R.
7201 |aSamelius, Gustaf
7201 |aAlisauskas, Ray T.
77508|tProductivity of Lesser Snow Geese on Banks Island, Northwest Territories, Canada, in 1995-1998 / |w(CaOODSP)9.618763
7760#|tLa productivité des petites oies des neiges sur l’île Banks (Territoires du Nord-Ouest), Canada, de 1995 à 1998 |w(CaOODSP)9.856690
830#0|aPublication hors-série (Service canadien de la faune)|x0701-7944|vN° 115|w(CaOODSP)9.512900